000 00632nam a2200205Ii 4500
003 JO-AjNU
008 230605s9999||||xx |||||||||||||| ||und||
040 _aJO-AjNU
_bara
_erda
_cJO-AjNU
041 _aara
050 1 4 _aQP360.W2 1981
100 3 _aآغا، كاظم ولي,
_eauthor
_959404
245 0 0 _aعلم النفس الفسيولوجي
250 _aط1
264 3 1 _aبيروت: دار الافاق الجديدة، 1981
300 _a339ص
336 _atext
_btxt
_2rdacontent
337 _aunmediated
_bn
_2rdamedia
338 _avolume
_bnc
_2rdacarrier
650 4 _aعلم النفي الفسيولوجي
_959405
999 _aA26730
_c30298
_d30298